000 01040nam a22002893 4500
999 _c329928
_d329928
001 16410285
003 NUST
005 20180117090026.0
008 791020s1979 enk 000 0 eng
010 _a 00521328
015 _aGB79-32215
020 _a0553124501 (pbk) :
_c£0.95
035 _a(OCoLC)ocm16481254
040 _aUKM
_cUKM
_dDLC
050 0 0 _aCPB Box no. 1717 vol. 4
082 0 4 _a133.9/01/3
_219
100 1 _aWambach, Helen.
_91741
245 1 0 _aLife before life /
_cHelen Wambach.
260 _aToronto ;
_aLondon :
_bBantam,
_c1979.
300 _a212, [8] p. ;
_c18 cm.
650 0 _aReincarnation
_vCase studies.
_91742
653 _aPsychic phenomena: Reincarnation - Case studies
710 2 _aCopyright Paperback Collection (Library of Congress)
_5DLC
_91743
906 _a7
_bcbc
_ccopycat
_d2
_encip
_f20
_gy-genrareb
942 _2ddc
_cBK